1152 1095 1393 1494 1643 1775 1010 1754 1628 1181 1714 1097 1538 1466 1225 1720 1365 1285 1190 1314 1847 1638 1609 1779 1371 1762 1295 1098 1925 1119 1740 1526 1654 1863 1591 1678 1266 1294 1708 1111 1032 1163 1733 1160 1828 1807 1118 1672 1145 1618 1712 1173 1612 1854 1540 1398 1839 1900 1824 1228 1339 1218 1369 1231 1424 1249 1144 1113 1890 1075 1932 1002 1035 1341 1962 1510 1606 1759 1618 1489 1839 1177 1161 1740 1258 1481 1289 1961 1385 1183 1873 1648 1422 1453 1397 1082 1682 1219 1552 BCNSPRNW ULIB Ver.6.0+V

เปลี่ยนเป็นภาษาไทย

Change to English
 แสดงรายละเอียดบรรณานุกรม
  กลับหน้าหลัก

Brief Record : Get Marc (ISO 2709) : E-mail record : QR code < ปิดหน้าต่าง
LEADER : 00000nam 2200000uu 4500
001    13399109289
003     ULIB
008    110327s2549||||th 000 0 tha d
020    9749477782
060 04 WM55^bอ332ก 2549
100 0  อรพรรณ ลือบุญธวัชชัย
245 10 การให้คำปรึกษาทางสุขภาพ /^cอรพรรณ ลือบุญธวัชชัย
250    พิมพ์ครั้งที่ 1
260    กรุงเทพฯ :^bธนาเพรส,^c2549
300    186 หน้า ;^c26 ซม.
650  7 ผู้ป่วย^xการให้คำปรึกษา
650  7 การแนะแนวสุขภาพ
650  7 การให้คำปรึกษาครอบครัว
945    ^p165^l0^i020510
945    ^p165^l0^i021542
945    ^p165^l0^i021541
945    ^p165^l0^i021540
945    ^p165^l0^i020509
995    ทศพร
999 ^a ใช้งานได้ทุกระบบ
รายการนี้ยังไม่มีแท็ก
คุณยังไม่ได้ล็อกอิน คุณสามารถมีกิจกรรมร่วมกับเว็บไซต์ได้ แต่ต้องล็อกอินก่อน ::
  ล็อกอิน

รายการสื่อสารสนเทศ

ลำดับที่ ประเภท เลขเรียก/บาร์โค้ด สถานที่ สถานะ
- ไม่พบข้อมูล -

รายการใกล้เคียง
    ผู้แต่ง [อรพรรณ ลือบุญธวัชชัย]

    หัวเรื่อง [การแนะแนวสุขภาพ]
    หัวเรื่อง [การให้คำปรึกษาครอบครัว]

BibComment


ยังไม่เคยถูกคอมเมนท์

คอมเมนท์ทรัพยากรรายการนี้
  คอมเมนท์: การให้คำปรึกษาทาง..


 Copyright 2026. Bcnsprnw @Library